| 000 | 00792cam a2200241 a 4500 | ||
|---|---|---|---|
| 001 | 227 | ||
| 003 | BR-CuiBMT | ||
| 005 | 20231028193619.0 | ||
| 008 | 230904s2016 mgba 000 0 por d | ||
| 020 | _a9788545001416 | ||
| 040 |
_aBR-CuiBMT _cBR-CuiBMT |
||
| 080 |
_22007 _a340.62 |
||
| 090 |
_a340.62 _bS586i |
||
| 100 | 1 | _aSilva, Maria Stela Campos da | |
| 245 | 1 | 0 |
_aIncentivos tributários como política extrafiscal afirmativa do acesso à saúde / _cMaria Stela Campos da Silva ; prefácio Calilo Jorge Kzan Neto. |
| 260 |
_aBelo Horizonte : _bFórum, _c2016. |
||
| 300 |
_a246 p. : _bil. ; _c22 cm |
||
| 504 | _aInclui bibliografia. | ||
| 650 |
_aDireito à saúde _xIncentivos tributários |
||
| 650 | _aDireito administrativo | ||
| 650 | _aPolíticas públicas | ||
| 942 |
_2udc _cLV |
||
| 999 |
_c227 _d227 |
||